| 000 | 00454nam a22001817a 4500 | ||
|---|---|---|---|
| 003 | OSt | ||
| 005 | 20180116183043.0 | ||
| 008 | 160318b xxu||||| |||| 00| 0 eng d | ||
| 020 | _a9789699330339 | ||
| 040 | _cC A PAKISTAN | ||
| 082 | _a657 CA 2013 | ||
| 110 | _aC A PAKISTAN | ||
| 245 |
_aBusiness Law _bQuestion Bank _cC A PAKISTAN |
||
| 260 |
_aPAKISTAN _bC A PAKISTAN _c2013 |
||
| 300 |
_a94 p. _bPB |
||
| 440 | _aBusiness Law | ||
| 942 |
_2ddc _cBK |
||
| 999 |
_c351338 _d351338 |
||